000 00454nam a22001817a 4500
003 NUST - PNEC
005 20170116181059.0
008 151002b xxu||||| |||| 00| 0 eng d
020 _a0713134577
040 _cLIBRARY
082 _a621.38043 CON
100 _95366
_aConnor, Frank Robert
245 _aModulation
_cFrank Robert Connor
250 _a2nd ed.
260 _cc 1982
650 _912260
_aModulation (Electronics)
_xME
942 _2ddc
_cBK
999 _c68683
_d68683